Normal view
MARC view
- Amin Beiranvand Pour, Mohammad Parsa, Ahmed M Eldosouky
Entry Personal Name
001 - CONTROL NUMBER
- control field: 133304
003 - CONTROL NUMBER IDENTIFIER
- control field: NUST
005 - DATE AND TIME OF LATEST TRANSACTION
- control field: 20260217145132.0
008 - FIXED-LENGTH DATA ELEMENTS
- fixed length control field: 260217|| aca||aabn | a|a d
040 ## - CATALOGING SOURCE
- Original cataloging agency: NUST
- Transcribing agency: NUST
100 ## - HEADING--PERSONAL NAME
- Personal name: Amin Beiranvand Pour, Mohammad Parsa, Ahmed M Eldosouky
670 ## - SOURCE DATA FOUND
- Source citation: Work cat.: (NUST): Amin Beiranvand Pour, Mohammad Parsa, Ahmed M Eldosouky., Geospatial Analysis Applied to Mineral Exploration /, 2023.
